Die Letzten Dinge

Guardat en:
Dades bibliogràfiques
Autor principal: Breid, Franz (Autor)
Format: Llibre
Idioma:alemany
Publicat: Schorndorf W. Ennsthaler 1992
Edició:1a. ed
Matèries:
Etiquetes: Afegir etiqueta
Sense etiquetes, Sigues el primer a etiquetar aquest registre!

MARC

LEADER 00000cam a2200000 a 4500
001 UCE8078
003 CL-VaPUC
008 150728e19920000gw |||||||||||||||||ger|d
020 |a 3850683834 
082 0 4 |a 230  |b BRE  |2 21 
100 0 |a Breid, Franz  |e author  |9 580783 
245 1 4 |a Die Letzten Dinge 
250 |a 1a. ed 
300 |a 271 p 
942 |c BK 
945 |d 20150728 02:04:00  |a dcastane 
260 |a Schorndorf  |b W. Ennsthaler  |c 1992 
650 0 |a Teología cristiana  |9 308336 
650 0 |a Cristianismo  |9 257361 
650 0 |a Escatología  |9 314395 
583 |a last modification  |c 20150728 02:04:00  |k Rodrigo Vera 
999 |c 360028  |d 360026 
952 |0 0  |1 0  |3 erb  |4 0  |6 230_000000000000000_BRE_1992  |7 0  |8 A  |9 469654  |a BIBTEO  |b BIBTEO  |e Casale Rolle, Carlos Ignacio, -2014  |i 5185440  |o 230 BRE 1992  |p 5185440  |r 2025-01-17  |w 2019-11-23  |y BK  |z Catalogado en:20150728  |k ICR